Harry Potter y el cáliz de fuego
Salvato in:
| Autore principale: | |
|---|---|
| Natura: | Libro |
| Lingua: | spagnolo |
| Pubblicazione: |
Barcelona
Salamandra
2002
|
| Edizione: | 6a. ed |
| Serie: | Harry Potter, 4
|
| Soggetti: | |
| Tags: |
Aggiungi Tag
Nessun Tag, puoi essere il primo ad aggiungerne!!
|
MARC
| LEADER | 00000nam a2200000 a 4500 | ||
|---|---|---|---|
| 001 | UCM6719 | ||
| 003 | CL-VaPUC | ||
| 008 | 021122e20020100SP |||||||||||||||||spa|d | ||
| 082 | 0 | 4 | |a 823 |b ROW |2 21 |
| 100 | 0 | |a Rowling, Joanne K |e author |9 472517 | |
| 245 | 1 | 0 | |a Harry Potter y el cáliz de fuego |
| 250 | |a 6a. ed | ||
| 300 | |a 635 p | ||
| 942 | |c BK | ||
| 945 | |d 20021122 00:00:00 |a vberengu | ||
| 260 | |a Barcelona |b Salamandra |c 2002 | ||
| 650 | 0 | |a Novelas inglesas |9 265220 | |
| 650 | 0 | |a Literatura juvenil |9 309909 | |
| 583 | |a last modification |c 20021122 00:00:00 |k Rodrigo Vera | ||
| 490 | 0 | |a Harry Potter, 4 | |
| 999 | |c 301951 |d 301949 | ||